| 000 | 01912pam a2200301 a 4500 | ||
|---|---|---|---|
| 001 | 3524192 | ||
| 005 | 20210414113847.0 | ||
| 008 | 960329s1997 flua b 001 0 eng | ||
| 010 | _a 96016976 | ||
| 020 | _a0673993507 (alk. paper) | ||
| 040 |
_aDLC _cDLC _dDLC |
||
| 043 |
_aae----- _aas----- |
||
| 050 | 0 | 0 | _aDS511.M95 |
| 082 | 0 | 0 |
_a950 _220 |
| 100 | 1 |
_aMurphey, Rhoads, _d1919- |
|
| 245 | 1 | 0 |
_aEast Asia : a new history / _cRhoads Murphey. |
| 260 |
_aNew York : _bAddison Wesley Longman, Inc., _cc1997. |
||
| 300 |
_axx, 459 p. : _bill. ; _c26 cm. |
||
| 504 | _aIncludes bibliographical references and index. | ||
| 505 | _aContents: East Asia: Common ground and regional differences -- Prehistory, beginnings in China, and the Shang Dynasty -- The Chou, its decline and the age of philosophers -- Ch'in and Han: The Making of empire -- Buddihism, barbarians and the T'ang dynasty -- Achievement and Disaster: The Sung and the Yuan Dynasties 960-1355 -- New imperial splendor in China: The Ming Dynasty -- The Ch'ing in prosperity and decline -- Premodern Vietnam and Korea -- Beginnings in Japan: Patterns and origins -- Warriors, monks and conflict: Medieval Japan -- The West arrives in Asia -- Tokugawa Japan -- Humiliation and response in nineteenth century China -- Japan's response to new challenges -- Imperialism in Korea, Vietnam and Southeast Asia -- China in tatters, 1896-1925 -- China and Japan: The Road to war -- The Second World War in Asia -- China since 1945 -- Japan and Korea since 1945 -- Southeast Asia, Vietnam and the U.S. in East Asia. | ||
| 650 |
_aEast Asia _xHistory. |
||
| 650 |
_aSoutheast Asia _xHistory. |
||
| 651 | 0 |
_aEast Asia _xHistory. |
|
| 651 | 0 |
_aSoutheast Asia _xHistory. |
|
| 906 |
_a7 _bcbc _corignew _d1 _eocip _f19 _gy-gencatlg |
||
| 942 |
_2lcc _cBK |
||
| 999 |
_c141 _d7641 |
||